000 01032cab a2200277 4500
001 ABS56498
008 090401t1997 xxu||||| |||| 00| 0 eng d
035 _a(Sirsi) u24087
041 _aeng
100 _aClarke, D.
245 _aRent review update
260 _c1997
350 _a0
490 _aSolicitors` Journal
_v141(4) 31 January 1997, 85-86(2)
520 _aUpdate on the latest rent review cases which question whether clauses permit downward reviews, and if there can be a reduction on the previous level whilst keeping at or above the originally reserved level. Issues considered include break clauses, downward reviews, impact of deeds of variation, notional assumptions and disregards, and secure tenancies.
650 _aBREAK CLAUSES
650 _aDEED OF VARIATION
650 _aDISREGARDS
650 _aDOWNWARDS REVIEW
650 _aRATCHET RENTS
650 _aRENT REVIEWS
650 _aSECURE TENANCIES
690 _aLANDLORD AND TENANT-RENT REVIEWS
942 _n0
948 _c04/03/1997
999 _c16133
_d16133